Riconosci l'Anno dagli eventi - Quiz n°258 - Statistics

Statistiche generali
  • Questo quiz è stato fatto 6 volte
  • Il punteggio medio è 8 su 9
Statistiche sulle risposte
Indizio Risposta % Corretto
E 23 gennaio: fondazione del Principato del Liechtenstein all'interno del Sacro Romano Impero
100%
F 25 aprile: viene pubblicato il romanzo Robinson Crusoe di Daniel Defoe.
100%
D 9 gennaio: la Francia dichiara guerra alla Spagna (Guerra della Quadruplice Alleanza).
100%
C La Prussia effettua il primo censimento sistematico in Europa.
100%
A Le città di Trieste e Fiume ottengono lo status di "porto franco" da parte dell'Imperatore Carlo VI d'Asburgo.
100%
B Parigi: 14.000 morti per un'epidemia di vaiolo.
100%
G 10 giugno: Battaglia di Glen Shiel - Durante il periodo dell'insurrezione giacobita del 1719, le truppe formate da spagnoli e ribelli giacobiti furono fermate e sconfitte in Scozia dalle truppe inglesi del re di Gran Bretagna Giorgio I Hannover. Fu l'ultima volta che truppe non inglesi combatterono sul suolo inglese.
80%
H 20 giugno: Battaglia di Francavilla - Nell'ambito della Guerra della Quadruplice Alleanza, l'esercito spagnolo stanziato in Sicilia sconfigge quello austriaco.
80%
Anno 1719
40%
Nessun quiz corrispondente trovato
Distribuzione punteggi
Percentuale di utenti per punteggio
Percentile per numero di risposta
I tuoi punteggi nel tempo
Non hai fatto questo quiz